Southville International School and Colleges
Your cart is empty.
  • Cart
  • Lists
    Public lists Eva Luna New books Lux_list list_1
    Your lists Log in to create your own lists
  • Log in to your account
  • Your cookies
  • Search history
Southville International School and Colleges
  • Advanced search
  • Recent comments
  • Most popular
  • Libraries

Log in to your account

Log in with GOOGLE


If you do not have an external account, but do have a local account, you can still log in:

  1. Home
  2. MARC view: Jazz.
Normal view MARC view ISBD view

Jazz. (Record no. 108971)

[ view plain ]
MARC details
000 -LEADER
fixed length control field 00365nam a2200157 a 4500
005 - DATE AND TIME OF LATEST TRANSACTION
control field 20140414093835.0
008 - FIXED-LENGTH DATA ELEMENTS--GENERAL INFORMATION
fixed length control field 030611s19uu xx 00 eng d
050 ## - LIBRARY OF CONGRESS CALL NUMBER
Classification number CD 780
Item number Son 1996
100 ## - MAIN ENTRY--PERSONAL NAME
Personal name Sony Music Special Production
245 ## - TITLE STATEMENT
Title Jazz.
250 ## - EDITION STATEMENT
Edition statement 8th edition
500 ## - GENERAL NOTE
General note (2 CD's inside)
650 ## - SUBJECT ADDED ENTRY--TOPICAL TERM
Topical term or geographic name as entry element Jazz.
942 ## - ADDED ENTRY ELEMENTS (KOHA)
Koha item type Audio Visual Materials
Holdings
Withdrawn status Lost status Damaged status Home library Current library Shelving location Date acquired Source of acquisition Total Checkouts Full call number Barcode Date last seen Price effective from Koha item type
      Luxembourg Library Luxembourg Library Audio Visual Material Section 06/11/2003     CD 780 Son 1996 AV0464 04/14/2014 04/14/2014 Audio Visual Materials

Jazz.

APA

Sony Music Special Production, .Jazz. : .

Chicago

Sony Music Special Production, .Jazz. : .

Harvard

Sony Music Special Production, .Jazz. : .

MLA

Sony Music Special Production, .: . .

  • Place hold
  • Print
  • Cite
  • Add to your cart (remove)
  • Save record
    BIBTEX Dublin Core MARCXML MARC (non-Unicode/MARC-8) MARC (Unicode/UTF-8) MARC (Unicode/UTF-8, Standard) MODS (XML) RIS
  • More searches
    Search for this title in:
    Other Libraries (WorldCat) Other Databases (Google Scholar) Online Stores (Bookfinder.com) Open Library (openlibrary.org)

Exporting to Dublin Core...

SOUTHVILLE LIBRARY

Southville International School and Colleges Library

1281 Tropical Ave. Cor. Luxembourg St., BF Homes International, Las Pinas City

Tel. No. 8256374 / 252358 Loc. 117/146

Powered by Koha